[Event "RUS-ch Rapid Men 2018"]
[Site "Sochi"]
[Date "2018.10.05"]
[Round "1"]
[White "Moiseenko, Vadim"]
[Black "Kryzhanovskiy, Mikhail"]
[Result "1-0"]
[WhiteElo "2495"]
[BlackElo "2008"]
[Annotator "ChessBase"]
[PlyCount "129"]
[EventDate "2018.10.05"]
[EventType "swiss"]
[EventCountry "RUS"]
[SourceTitle "playchess.com"]
[Source "ChessBase"]
[SourceQuality "1"]
[TimeControl "900+10"]

1. Nf3 {[%emt 0:00:00]} Nf6 {[%emt 0:00:00]} 2. g3 {[%emt 0:00:00]} d5 {[%emt 0:00:07]} 3. Bg2 {[%emt 0:00:00]} c5 {[%emt 0:00:29]} 4. O-O {[%emt 0:00:00]} Nc6 {[%emt 0:00:08]} 5. d4 {[%emt 0:00:00]} e6 {[%emt 0:00:05]} 6. c4 {[%emt 0:00:08]} cxd4 {[%emt 0:02:55]} 7. Nxd4 {[%emt 0:00:07]} Bc5 {[%emt 0:00:15]} 8. Nxc6 {[%emt 0:00:35]} bxc6 {[%emt 0:00:03]} 9. Qc2 {[%emt 0:00:02]} Qe7 {[%emt 0:03:55]} 10. Nc3 {[%emt 0:01:37]} O-O {[%emt 0:00:13]} 11. b3 {[%emt 0:00:41]} Bb7 {[%emt 0:01:28]} 12. Bb2 {[%emt 0:00:27]} Rac8 {[%emt 0:00:44]} 13. e3 {[%emt 0:00:20]} a5 {[%emt 0:00:33]} 14. Na4 {[%emt 0:01:02]} Bd6 {[%emt 0:01:17]} 15. Rac1 {[%emt 0:00:14]} Ba3 {[%emt 0:01:20]} 16. Rfd1 {[%emt 0:01:19]} Bxb2 {[%emt 0:00:09]} 17. Qxb2 {[%emt 0:00:03]} Rfd8 {[%emt 0:01:02]} 18. Rd2 {[%emt 0:02:32]} e5 {[%emt 0:01:01]} 19. Rcd1 {[%emt 0:01:09]} e4 {[%emt 0:00:03]} 20. Bh3 {[%emt 0:01:02]} Rb8 {[%emt 0:00:01]} 21. Qc3 {[%emt 0:00:38]} Ra8 {[%emt 0:00:45]} 22. Rc1 {[%emt 0:00:55]} Ra7 {[%emt 0:00:28]} 23. cxd5 {[%emt 0:00:16]} cxd5 {[%emt 0:00:06]} 24. Qc7 {[%emt 0:00:09]} Ba6 {[%emt 0:00:14]} 25. Qxe7 {[%emt 0:00:02]} Rxe7 {[%emt 0:00:02]} 26. Rc5 {[%emt 0:00:01]} g5 {[%emt 0:01:30]} 27. Rxa5 {[%emt 0:00:03]} Bd3 {[%emt 0:00:06]} 28. Nc5 {[%emt 0:00:12]} g4 {[%emt 0:00:22]} 29. Nxd3 {[%emt 0:00:30]} exd3 {[%emt 0:00:04]} 30. Bf1 {[%emt 0:00:11]} Rc7 {[%emt 0:00:08]} 31. Bxd3 {[%emt 0:00:19]} Rc1+ {[%emt 0:00:03]} 32. Kg2 {[%emt 0:00:00]} Rdc8 {[%emt 0:00:01]} 33. Bf5 {[%emt 0:00:13]} R8c7 {[%emt 0:00:05]} 34. Ra4 {[%emt 0:00:13]} h5 {[%emt 0:00:05]} 35. h3 {[%emt 0:00:03]} gxh3+ {[%emt 0:00:17]} 36. Bxh3 {[%emt 0:00:01]} Ne4 {[%emt 0:00:30]} 37. Rxd5 {[%emt 0:00:09]} Nc3 {[%emt 0:00:16]} 38. Rg5+ {[%emt 0:00:09]} Kf8 {[%emt 0:00:03]} 39. Ra8+ {[%emt 0:00:03]} Ke7 {[%emt 0:00:01]} 40. Rxh5 {[%emt 0:00:22]} Rc2 {[%emt 0:00:02]} 41. Re5+ {[%emt 0:00:10]} Kd6 {[%emt 0:00:04]} 42. Rf5 {[%emt 0:00:09]} Nxa2 {[%emt 0:00:03]} 43. Ra6+ {[%emt 0:00:38]} Ke7 {[%emt 0:00:03]} 44. Re5+ {[%emt 0:00:01]} Kf8 {[%emt 0:00:05]} 45. Rb6 {[%emt 0:01:08]} Rb2 {[%emt 0:00:05]} 46. Bf5 {[%emt 0:00:12]} Nc1 {[%emt 0:00:04]} 47. b4 {[%emt 0:00:03]} Ra7 {[%emt 0:00:14]} 48. Rc5 {[%emt 0:00:08]} Nb3 {[%emt 0:00:05]} 49. Rc2 {[%emt 0:00:04]} Rxc2 {[%emt 0:00:35]} 50. Bxc2 {[%emt 0:00:04]} Nd2 {[%emt 0:00:04]} 51. Rb8+ {[%emt 0:00:06]} Kg7 {[%emt 0:00:02]} 52. b5 {[%emt 0:00:02]} Ra2 {[%emt 0:00:04]} 53. Bd3 {[%emt 0:00:02]} Rb2 {[%emt 0:00:10]} 54. b6 {[%emt 0:00:04]} Nb3 {[%emt 0:00:05]} 55. Bc4 {[%emt 0:00:29]} Nc5 {[%emt 0:00:04]} 56. Bd5 {[%emt 0:00:32]} Nd3 {[%emt 0:00:08]} 57. b7 {[%emt 0:00:06]} Rxf2+ {[%emt 0:00:04]} 58. Kh3 {[%emt 0:00:02]} Rb2 {[%emt 0:00:35]} 59. Rd8 {[%emt 0:00:01]} Nf2+ {[%emt 0:00:12]} 60. Kh4 {[%emt 0:00:12]} Rb4+ {[%emt 0:00:02]} 61. e4 {[%emt 0:00:04]} Rb6 {[%emt 0:00:24]} 62. b8=Q {[%emt 0:00:44]} Rh6+ {[%emt 0:00:04]} 63. Kg5 {[%emt 0:00:01]} Nh3+ {[%emt 0:00:54]} 64. Kg4 {[%emt 0:00:01]} f5+ {[%emt 0:00:00]} 65. exf5 {[%emt 0:00:07]} 1-0

[Event "RUS-ch Rapid Men 2018"]
[Site "Sochi"]
[Date "2018.10.05"]
[Round "1"]
[White "Uzhva, Andrey"]
[Black "Artemiev, Vladislav"]
[Result "0-1"]
[WhiteElo "2270"]
[BlackElo "2703"]
[Annotator "TA"]
[PlyCount "92"]
[EventDate "2018.10.05"]
[EventType "swiss"]
[EventCountry "RUS"]
[SourceTitle "playchess.com"]
[Source "ChessBase"]
[SourceQuality "1"]

{[%evp 15,92,-50,-49,-86,-85,-95,-97,-95,-89,-102,-95,-94,-89,-106,-102,-104,-94,-108,-103,-122,-118,-153,-130,-121,-102,-112,-107,-129,-133,-134,-137,-134,-127,-152,-150,-158,-148,-157,-152,-183,-183,-195,-191,-224,-216,-217,-183,-281,-271,-274,-290,-354,-342,-352,-350,-325,-338,-363,-383,-383,-393,-406,-377,-696,-683,-667,-728,-883,-851,-1014,-1019,-2139,-2154,-6829,-6737,-5704,-4134,-6070,-5739]} 1. d4 {Moradiabadi,E} Nf6 2. Nf3 g6 3. c4 Bg7 4. g3 d5 5. Nc3 dxc4 6. Qa4+ {D90: Grünfeld: 4 Nf3 Bg7 sidelines} Nfd7 7. Qxc4 Nb6 8. Qd3 O-O {LiveBook: 4 Games} 9. e4 $146 ({Predecessor:} 9. Bf4 Nc6 10. Rd1 Bf5 11. Qd2 Bg4 12. Bg2 Bxf3 13. Bxf3 Nxd4 14. Bxb7 {0-1 (41) Meier,G (2621)-Carlsen,M (2838) Karlsruhe/Baden-Baden 2017 CBM 178 [Moradiabadi,E]}) 9... Nc6 10. d5 Nb4 11. Qd1 f5 12. e5 N4xd5 13. Nxd5 Qxd5 14. Qxd5+ Nxd5 15. Bc4 Rd8 16. Bg5 Kf8 17. Rd1 Be6 18. h4 h6 19. Bd2 {[#]} Nf4 $1 {[%mdl 512] Threatens to win with ...Ng2+.} 20. Bxe6 (20. Bxf4 Bxc4) 20... Nxe6 $40 {[%mdl 128] Black has strong attack.} 21. Be3 Rxd1+ 22. Kxd1 Rd8+ 23. Ke2 Rd5 24. Rc1 Ke8 25. Bf4 Kd7 26. b3 c5 27. a4 b6 28. Rc4 Kc6 29. Rc1 Nd4+ 30. Nxd4+ Rxd4 $19 {[%mdl 4096] Endgame KRB-KRB} 31. Be3 {[#]} (31. a5 $142) 31... Rb4 $1 ({Stronger than} 31... Bxe5 32. Bxd4 Bxd4 33. f4 $11) 32. Rb1 Bxe5 33. Bxh6 c4 34. Rc1 Kd5 ({Less strong is} 34... Rxb3 35. Rxc4+ Kd5 36. Rc8 $19) 35. bxc4+ Rxc4 36. Rd1+ Bd4 37. Be3 Rxa4 38. Bxd4 Rxd4 {KR-KR} 39. Ra1 $2 (39. Rb1) 39... a5 {[%cal Ba7a5,Ba5a4][%mdl 32] Black is clearly winning.} 40. f3 a4 41. Ke3 b5 42. Ra2 e5 {[%cal Be7e5,Be5f4][%mdl 32]} 43. Ra1 f4+ 44. gxf4 exf4+ 45. Ke2 Kc5 46. Rg1 Rd6 {Precision: White = 25%, Black = 89%.} 0-1

[Event "RUS-ch Rapid Men 2018"]
[Site "Sochi"]
[Date "2018.10.05"]
[Round "1"]
[White "Kirillov, Dmitry"]
[Black "Kobalia, Mikhail"]
[Result "0-1"]
[WhiteElo "2267"]
[BlackElo "2619"]
[Annotator "TA"]
[PlyCount "58"]
[EventDate "2018.10.05"]
[EventType "swiss"]
[EventCountry "RUS"]
[SourceTitle "playchess.com"]
[Source "ChessBase"]
[SourceQuality "1"]

{[%evp 17,58,11,-2,-9,4,-10,-1,-11,-9,-25,-23,-29,-24,-16,-15,-35,-35,-35,-35,-35,-33,-54,-47,-54,-45,-54,-54,-47,-64,-75,-65,-137,-45,-58,-58,-64,-64,-122,-107,-118,-118,-1112,-1092]} 1. e4 c5 2. Nf3 e6 3. d4 cxd4 4. Nxd4 Nc6 5. Nc3 a6 6. Be3 Nf6 7. Nxc6 bxc6 {B46: Sicilian: Taimanov: 5 Nc3 a6} 8. e5 Nd5 9. Nxd5 cxd5 {LiveBook: 41 Games. The position is equal.} 10. c3 (10. Qd4 Bb7 11. Bd3 Rc8 12. O-O Qc7 13. c3 Bc5 14. Qxc5 Qxc5 15. Bxc5 Rxc5 {½-½ (32) Yu,Y (2759)-Svidler,P (2753) Shenzhen 2018}) 10... a5 11. Qg4 $146 ({Predecessor:} 11. Bd3 Ba6 12. Bxa6 Rxa6 13. O-O Qc7 14. f4 Bc5 15. Bxc5 Qxc5+ {0-1 (40) Plat,V (2422)-Jansa,V (2499) Czechia 2011}) 11... h5 12. Qa4 Be7 13. Be2 Ba6 14. Bxa6 Rxa6 15. O-O Rc6 16. Rac1 Qc7 17. Bd4 O-O 18. Qd1 g6 19. Qd2 Rb8 20. Rc2 a4 21. a3 Bc5 22. Bxc5 $1 Rxc5 23. f4 Rc4 {[%cal Bc5c4,Bc4e4,Be4e3][%mdl 32]} 24. Rf3 {[#]} (24. Qf2 $15) 24... Rc8 ({Better is} 24... d4 $1 $17 {[%mdl 512] Hoping for ...Rxb2!} 25. Qc1 (25. cxd4 Rxc2) 25... Rb3) 25. Rd3 Qc5+ 26. Kh1 Re4 27. Rc1 (27. g3 $15) 27... Qb5 $17 28. g3 {[#]} d4 $1 {[%mdl 512]} 29. Rc2 $2 {[%mdl 8192] [#]} (29. Kg1 $17) (29. cxd4 Rxc1+) 29... Re3 $1 {[%mdl 512] Precision: White = 33%, Black = 77%.} 0-1

[Event "RUS-ch Rapid Men 2018"]
[Site "Sochi"]
[Date "2018.10.05"]
[Round "1"]
[White "Shkurkin, Andrey"]
[Black "Pridorozhni, Aleksei"]
[Result "0-1"]
[WhiteElo "2250"]
[BlackElo "2573"]
[Annotator "ChessBase"]
[PlyCount "126"]
[EventDate "2018.10.05"]
[EventType "swiss"]
[EventCountry "RUS"]
[SourceTitle "playchess.com"]
[Source "ChessBase"]
[SourceQuality "1"]
[TimeControl "900+10"]

1. d4 {[%emt 0:00:00]} d6 {[%emt 0:00:00]} 2. e4 {[%emt 0:00:00]} g6 {[%emt 0:00:00]} 3. c4 {[%emt 0:00:13]} Bg7 {[%emt 0:00:00]} 4. Nc3 {[%emt 0:00:12]} Nc6 {[%emt 0:00:41]} 5. Be3 {[%emt 0:00:08]} Nf6 {[%emt 0:00:09]} 6. Be2 {[%emt 0:02:08]} O-O {[%emt 0:00:06]} 7. d5 {[%emt 0:00:07]} Nb8 {[%emt 0:00:03]} 8. Qd2 {[%emt 0:01:36]} e5 {[%emt 0:00:45]} 9. h4 {[%emt 0:01:20]} h5 {[%emt 0:00:09]} 10. f3 {[%emt 0:00:33]} c6 {[%emt 0:00:21]} 11. Nh3 {[%emt 0:01:21]} cxd5 {[%emt 0:00:04]} 12. cxd5 {[%emt 0:00:30]} a6 {[%emt 0:00:03]} 13. O-O-O {[%emt 0:00:52]} b5 {[%emt 0:00:06]} 14. Kb1 {[%emt 0:00:10]} Nbd7 {[%emt 0:00:04]} 15. Nf2 {[%emt 0:01:22]} Nc5 {[%emt 0:00:18]} 16. Rc1 {[%emt 0:00:55]} Bb7 {[%emt 0:00:12]} 17. g4 {[%emt 0:00:39]} hxg4 {[%emt 0:00:18]} 18. Bg5 {[%emt 0:02:01]} b4 {[%emt 0:02:52]} 19. Ncd1 {[%emt 0:00:15]} Bc8 {[%emt 0:01:48]} 20. Ne3 {[%emt 0:00:38]} g3 {[%emt 0:00:07]} 21. Nfg4 {[%emt 0:00:21]} Nfxe4 {[%emt 0:00:09]} 22. fxe4 {[%emt 0:00:32]} Nxe4 {[%emt 0:00:03]} 23. Bxd8 {[%emt 0:01:30]} Nxd2+ {[%emt 0:00:03]} 24. Kc2 {[%emt 0:00:02]} Rxd8 {[%emt 0:00:07]} 25. Kxd2 {[%emt 0:00:07]} f5 {[%emt 0:00:03]} 26. h5 {[%emt 0:00:46]} gxh5 {[%emt 0:00:03]} 27. Rxh5 {[%emt 0:00:12]} fxg4 {[%emt 0:00:05]} 28. Nxg4 {[%emt 0:00:34]} Rf8 {[%emt 0:00:33]} 29. Rg1 {[%emt 0:00:33]} Rf5 {[%emt 0:00:04]} 30. Nh6+ {[%emt 0:00:10]} Bxh6+ {[%emt 0:00:03]} 31. Rxh6 {[%emt 0:00:04]} Rg5 {[%emt 0:00:03]} 32. Bf3 {[%emt 0:00:18]} Bf5 {[%emt 0:00:16]} 33. Rxd6 {[%emt 0:00:05]} Rc8 {[%emt 0:00:56]} 34. Rc6 {[%emt 0:00:09]} Rd8 {[%emt 0:00:01]} 35. Ke3 {[%emt 0:00:10]} Rg7 {[%emt 0:00:49]} 36. Be4 {[%emt 0:00:12]} Bc8 {[%emt 0:01:02]} 37. Rb6 {[%emt 0:00:12]} Bb7 {[%emt 0:00:34]} 38. Rxb7 {[%emt 0:00:10]} Rxb7 {[%emt 0:00:04]} 39. Rxg3+ {[%emt 0:00:03]} Rg7 {[%emt 0:00:04]} 40. Rh3 {[%emt 0:00:12]} Rg1 {[%emt 0:01:17]} 41. Rh5 {[%emt 0:00:14]} Re1+ {[%emt 0:04:04]} 42. Kd3 {[%emt 0:00:10]} Re8 {[%emt 0:00:33]} 43. Rg5+ {[%emt 0:00:11]} Kf8 {[%emt 0:00:03]} 44. Rf5+ {[%emt 0:00:12]} Kg7 {[%emt 0:00:04]} 45. Rg5+ {[%emt 0:00:06]} Kh6 {[%emt 0:00:21]} 46. Rg6+ {[%emt 0:00:04]} Kh5 {[%emt 0:00:01]} 47. Rxa6 {[%emt 0:00:13]} Rg8 {[%emt 0:00:02]} 48. Bf5 {[%emt 0:00:16]} Rf8 {[%emt 0:00:53]} 49. Be6 {[%emt 0:00:08]} e4+ {[%emt 0:00:31]} 50. Kd2 {[%emt 0:00:02]} Rff1 {[%emt 0:00:19]} 51. Bd7 {[%emt 0:00:21]} e3+ {[%emt 0:00:07]} 52. Kd3 {[%emt 0:00:06]} Rf2 {[%emt 0:00:09]} 53. Re6 {[%emt 0:00:09]} Rd2+ {[%emt 0:00:06]} 54. Kc4 {[%emt 0:00:02]} e2 {[%emt 0:00:09]} 55. Kxb4 {[%emt 0:00:18]} Rc1 {[%emt 0:00:16]} 56. b3 {[%emt 0:00:11]} Rxa2 {[%emt 0:00:13]} 57. Kb5 {[%emt 0:00:11]} Rd2 {[%emt 0:00:13]} 58. Bc6 {[%emt 0:00:09]} e1=Q {[%emt 0:00:17]} 59. Rxe1 {[%emt 0:00:02]} Rxe1 {[%emt 0:00:02]} 60. b4 {[%emt 0:00:19]} Rb1 {[%emt 0:00:12]} 61. Kc5 {[%emt 0:00:10]} Rc2+ {[%emt 0:00:05]} 62. Kb6 {[%emt 0:00:08]} Rxb4+ {[%emt 0:00:06]} 63. Kc7 {[%emt 0:00:02]} Kg5 {[%emt 0:00:16]} 0-1

[Event "RUS-ch Rapid Men 2018"]
[Site "Sochi"]
[Date "2018.10.05"]
[Round "1"]
[White "Oganyan, Arsen"]
[Black "Chigaev, Maksim"]
[Result "0-1"]
[WhiteElo "2224"]
[BlackElo "2593"]
[Annotator "TA"]
[PlyCount "124"]
[EventDate "2018.10.05"]
[EventType "swiss"]
[EventCountry "RUS"]
[SourceTitle "playchess.com"]
[Source "ChessBase"]
[SourceQuality "1"]

{[%evp 17,124,22,28,0,2,-13,-8,-28,-38,-52,-49,-74,-64,-126,-106,-115,-135,-130,-154,-185,-159,-127,-14,-27,-29,-104,-112,-108,-109,-79,-83,-99,-101,-156,-142,-154,-154,-162,-115,-116,-115,-116,-123,-106,-74,-64,-30,-185,-175,-237,-257,-231,-261,-433,-386,-478,-471,-455,-419,-406,-334,-464,-469,-692,-682,-625,-609,-540,-528,-1470,-1455,-1375,-1319,-2187,-2119,-1927,-1506,-2224,-1975,-2239,-1605,-1141,-1011,-5397,-978,-533,-8,-8,-8,-8,0,-8,-8,-8,-8,-8,-8,-8,-8,-8,-8,-29984,-29985,-29986,-29987,-29987,-29988,-29990,-29991]} 1. e4 c5 2. Nf3 e6 3. d4 cxd4 4. Nxd4 Nc6 5. Nc3 Qc7 6. Be3 a6 7. Qf3 {B48: Sicilian: Taimanov: 5 Nc3 Qc7 6 Be3 a6 without Be2} Bd6 (7... Nf6 8. O-O-O Ne5 9. Qg3 b5 10. a3 Bb7 11. Bxb5 Rc8 12. Ba4 Nxe4 13. Nxe4 Bxe4 14. Bf4 Qc4 15. Bxe5 Qxa4 {1-0 (38) Vachier Lagrave,M (2789)-Anand,V (2776) Karlsruhe/Baden-Baden 2018}) 8. O-O-O Be5 9. g3 Nge7 {LiveBook: 43 Games} 10. Bg2 b5 $146 ({Predecessor:} 10... O-O 11. Qe2 b5 12. f4 Nxd4 13. Bxd4 Bxd4 14. Rxd4 Rb8 {0-1 (37) Frolyanov,D (2576)-Chigaev,M (2555) Khanty-Mansiysk 2017}) 11. Nxc6 Nxc6 12. Bf4 O-O 13. Ne2 d6 ({Don't play} 13... Nb4 $6 14. c3 $14) 14. Bxe5 dxe5 15. Kb1 (15. Qe3 $15) 15... b4 16. Qe3 a5 $1 17. Qc5 Ba6 $1 {[%cal Ra6e2]} 18. Rd6 Rfc8 19. Nc1 Nd4 ({Better is} 19... Qe7 $17 {...Nd4 is the strong threat.} 20. Nb3 Qc7) 20. Qxc7 $11 Rxc7 21. Bf1 (21. Nb3 $11) 21... Bxf1 $17 22. Rxf1 Kf8 $36 {[%mdl 2048] Black has strong initiative.} ({Much weaker is} 22... Rxc2 $6 23. Rxd4 $1 {[%mdl 512]} Rxc1+ 24. Rxc1 $11) ({But not} 22... Nxc2 $6 23. Nd3 $11) 23. Nb3 Nf3 24. Rfd1 Nxh2 25. Rd8+ ({White should play} 25. R6d3) 25... Rxd8 26. Rxd8+ {[%mdl 4096] Endgame KRN-KRN} Ke7 27. Ra8 Ng4 28. f3 Ne3 29. Rxa5 Rxc2 30. Rb5 Rc4 31. Rxe5 Nf1 {next ...g6 is good for Black.} 32. g4 $2 (32. Rh5 $11 {and White is okay.}) 32... Nh2 $1 $19 33. Rc5 (33. Rh5 $142 Nxf3 34. Rxh7) 33... Rxc5 34. Nxc5 Nxf3 {KN-KN} 35. Nd3 $2 (35. Kc2) 35... Nd2+ 36. Kc2 {[#]} b3+ $1 {[%mdl 512]} 37. axb3 Nxe4 38. b4 Nd6 39. Kc3 f5 40. gxf5 (40. g5 $142 Ne4+ 41. Kc4) 40... exf5 41. Kd4 g5 42. Ke5 f4 {[%cal Bf5f4,Bf4f3,Bf3f2][%mdl 32]} 43. Nf2 f3 44. b5 h5 45. b6 g4 46. Kf4 Kd7 47. Nh1 Kc6 48. Ng3 f2 49. Nf1 Kxb6 50. Kg3 Kc5 (50... Ne4+ $142 51. Kg2 h4) 51. Kxf2 {[#]} Kd4 $2 (51... Nf5 $1 $19 52. Nd2 h4) 52. Kg3 $11 Ne4+ (52... Ke5 $5 53. Kh4 $8 Kf4 $11) 53. Kh4 Nf6 54. Kg5 Ke5 55. Nh2 Ke4 56. Kh4 Ke3 {White must now prevent ...Kf2.} 57. Nf1+ Kf3 58. Ng3 Nd5 59. Nxh5 $2 {[%mdl 8192] [#]} (59. Nh1 $11) 59... Nf4 $1 {Black mates.} 60. Nf6 g3 {[%cal Bg4g3,Bg3g2][%mdl 32]} 61. Ne4 g2 62. Ng5+ Ke3 {Precision: White = 24%, Black = 72%.} 0-1

[Event "RUS-ch Rapid Men 2018"]
[Site "Sochi"]
[Date "2018.10.05"]
[Round "1"]
[White "Indzhiev, Aldar"]
[Black "Matlakov, Maxim"]
[Result "0-1"]
[WhiteElo "2218"]
[BlackElo "2683"]
[Annotator "TA"]
[PlyCount "54"]
[EventDate "2018.10.05"]
[EventType "swiss"]
[EventCountry "RUS"]
[SourceTitle "playchess.com"]
[Source "ChessBase"]
[SourceQuality "1"]

{[%evp 9,54,-21,-23,-45,0,0,0,0,0,0,-3,-47,-31,-54,-44,-68,-13,-28,-19,-126,-112,-252,-263,-252,-260,-262,-198,-189,-146,-242,-264,-329,-325,-729,-729,-714,-713,-1204,-793,-1879,-1918,-29988,-29987,-29989,-29990,-29990,-29991]} 1. d4 Nf6 2. Bg5 c5 3. dxc5 Ne4 4. h4 Na6 5. Qd4 (5. Nd2 Naxc5 6. Nxe4 Nxe4 7. Qd5 Nxg5 8. hxg5 e6 9. Qd2 b6 10. O-O-O Bb7 11. Nf3 Qc7 12. Nd4 a6 {1-0 (52) Rapport,R (2707)-Kokarev,D (2615) Riadh 2017}) 5... Naxc5 {LiveBook: 10 Games} 6. Nd2 {A45: Trompowsky Attack} Nxd2 (6... d5 {keeps more tension.} 7. c4 h6 8. Bf4 f6 9. Qxd5 e5) 7. Bxd2 ({Don't play} 7. Qxd2 Qb6 $17) 7... d6 8. e4 {The position is equal.} e5 9. Qe3 $146 ({Predecessor:} 9. Bb5+ Bd7 10. Bxd7+ Qxd7 11. Qd5 Qg4 12. Ne2 Qxe4 13. Qxe4 Nxe4 {0-1 (28) Ortega,L (2440)-Kharitonov,A (2450) Sochi 1987}) 9... Be7 10. Nf3 O-O 11. O-O-O Qc7 12. Kb1 Qc6 (12... b5 $15) 13. Bb4 $11 Nd7 14. g4 {[#]} (14. Qd3 $11 {keeps the balance.}) 14... a5 $1 $17 {[%cal Ba7a5,Ba5b4][%mdl 32]} 15. Qa3 (15. Bd2 $17 {keeps fighting.}) 15... axb4 $19 16. Qxa8 Nc5 17. Qa5 Bxg4 18. Bg2 Qxe4 19. Rde1 (19. Ne1 $17 Qf4 20. f3) 19... Qf4 20. Ng5 Bf5 {[#] Hoping for ...Bxc2+!} ({Weaker is} 20... Qxf2 21. Qxb4 Bf5 22. Be4 $17) 21. Bd5 $2 (21. Qb5) 21... Bxg5 22. hxg5 Qd2 23. Bb3 b6 24. Qa7 Nxb3 25. axb3 Qxc2+ {Black mates.} 26. Ka1 Qc6 27. Rc1 Ra8 {Precision: White = 30%, Black = 79%.} 0-1

[Event "RUS-ch Rapid Men 2018"]
[Site "Sochi"]
[Date "2018.10.05"]
[Round "1"]
[White "Dudin, Gleb"]
[Black "Tomashevsky, Evgeny"]
[Result "1/2-1/2"]
[WhiteElo "2208"]
[BlackElo "2702"]
[Annotator "ChessBase"]
[PlyCount "110"]
[EventDate "2018.10.05"]
[EventType "swiss"]
[EventCountry "RUS"]
[SourceTitle "playchess.com"]
[Source "ChessBase"]
[SourceQuality "1"]
[TimeControl "900+10"]

1. c4 {[%emt 0:00:00]} e5 {[%emt 0:00:06]} 2. Nc3 {[%emt 0:00:00]} Bb4 {[%emt 0:00:20]} 3. g3 {[%emt 0:00:29]} Bxc3 {[%emt 0:00:26]} 4. dxc3 {[%emt 0:00:28]} d6 {[%emt 0:00:24]} 5. Bg2 {[%emt 0:00:13]} Nc6 {[%emt 0:00:46]} 6. Nf3 {[%emt 0:00:40]} h6 {[%emt 0:00:20]} 7. O-O {[%emt 0:03:26]} Be6 {[%emt 0:00:03]} 8. Nd2 {[%emt 0:00:35]} Qd7 {[%emt 0:00:18]} 9. Re1 {[%emt 0:00:05]} Bh3 {[%emt 0:01:27]} 10. Bh1 {[%emt 0:01:04]} f5 {[%emt 0:00:07]} 11. Nf1 {[%emt 0:03:56]} Nf6 {[%emt 0:01:14]} 12. Ne3 {[%emt 0:00:37]} O-O {[%emt 0:00:32]} 13. c5 {[%emt 0:00:56]} f4 {[%emt 0:00:13]} 14. Nd5 {[%emt 0:00:52]} Kh8 {[%emt 0:00:20]} 15. cxd6 {[%emt 0:01:33]} cxd6 {[%emt 0:00:57]} 16. b3 {[%emt 0:00:19]} Qf5 {[%emt 0:00:43]} 17. e4 {[%emt 0:01:20]} Qg6 {[%emt 0:00:57]} 18. Bxf4 {[%emt 0:00:12]} Bg4 {[%emt 0:01:03]} 19. f3 {[%emt 0:00:51]} Nxd5 {[%emt 0:00:04]} 20. exd5 {[%emt 0:00:08]} exf4 {[%emt 0:00:12]} 21. dxc6 {[%emt 0:00:08]} Bc8 {[%emt 0:00:03]} 22. g4 {[%emt 0:00:25]} bxc6 {[%emt 0:00:33]} 23. Bg2 {[%emt 0:00:07]} c5 {[%emt 0:02:36]} 24. Qd5 {[%emt 0:00:15]} Rb8 {[%emt 0:00:01]} 25. Rad1 {[%emt 0:00:10]} Rb6 {[%emt 0:01:21]} 26. Re7 {[%emt 0:00:06]} Qf6 {[%emt 0:01:09]} 27. Rde1 {[%emt 0:00:01]} Qxc3 {[%emt 0:00:01]} 28. Re8 Qf6 29. Qa8 {[%emt 0:00:07]} Qd4+ {[%emt 0:02:22]} 30. Kh1 {[%emt 0:00:01]} Rxe8 {[%emt 0:00:01]} 31. Rxe8+ {[%emt 0:00:01]} Kh7 {[%emt 0:00:00]} 32. h3 {[%emt 0:00:45]} Bd7 {[%emt 0:00:10]} 33. Rh8+ {[%emt 0:00:22]} Kg6 {[%emt 0:00:01]} 34. Qxa7 {[%emt 0:00:14]} Bc6 {[%emt 0:01:39]} 35. Qxb6 {[%emt 0:00:07]} Qd1+ {[%emt 0:00:01]} 36. Kh2 {[%emt 0:00:05]} Bxf3 {[%emt 0:00:01]} 37. Bxf3 {[%emt 0:00:11]} Qd2+ {[%emt 0:00:01]} 38. Kg1 {[%emt 0:00:17]} Qe1+ {[%emt 0:00:05]} 39. Kg2 {[%emt 0:00:13]} Qg3+ {[%emt 0:00:02]} 40. Kf1 {[%emt 0:00:04]} Qxf3+ {[%emt 0:00:01]} 41. Ke1 {[%emt 0:00:01]} Qe3+ {[%emt 0:00:02]} 42. Kd1 {[%emt 0:00:03]} Qd3+ {[%emt 0:00:01]} 43. Kc1 {[%emt 0:00:19]} f3 {[%emt 0:00:51]} 44. Qd8 {[%emt 0:00:21]} f2 {[%emt 0:00:28]} 45. Qe8+ {[%emt 0:00:02]} Kg5 {[%emt 0:00:01]} 46. Qe7+ {[%emt 0:00:07]} Kf4 {[%emt 0:00:01]} 47. Rf8+ {[%emt 0:00:20]} Kg3 {[%emt 0:00:02]} 48. Qf7 {[%emt 0:00:09]} Qc3+ {[%emt 0:00:27]} 49. Kb1 {[%emt 0:00:06]} Qd3+ {[%emt 0:00:13]} 50. Kb2 {[%emt 0:00:15]} Qd2+ {[%emt 0:00:05]} 51. Ka3 {[%emt 0:00:10]} Qb4+ {[%emt 0:00:24]} 52. Kb2 {[%emt 0:00:14]} Qd2+ {[%emt 0:00:09]} 53. Ka3 {[%emt 0:00:00]} Qb4+ {[%emt 0:00:13]} 54. Kb2 {[%emt 0:00:00]} Qd4+ {[%emt 0:00:11]} 55. Ka3 {[%emt 0:00:04]} Qb4+ {[%emt 0:00:11]} 1/2-1/2